=LDR 00000nam 2200000 4500 =001 NUTBA000000000005853 =005 20141112083349.0 =006 =007 =008 =020 ##$$a 978-979-1276-86-3 =035 ##$$a 0010-111400000000332 =040 ##$$a NBPDMAT =082 ##$$a 613 =090 ##$$a 613 $b Dod t =100 ##$$a R.W.Dodo =245 ##$$a Telingaku sehat / $c R.W.Dodo & Elly Rochayati ; editor, Weni Rahayu =260 ##$$a Jakarta : $b Mediantara Semesta, $c 2009 =300 ##$$a iv, 38 hlm. : $b ilus. ; $c 24 cm. =500 ##$$a Bibliografi : hlm. 37 =650 ##$$a Kesehatan Telinga - Bacaan Kanak- Kanak =700 ##$$a Weni Rahayu =850 ##$$a NBPDMAT